| 000 | 00843na a2200265 4500 | ||
|---|---|---|---|
| 001 | 13741 | ||
| 003 | MIRAKIL | ||
| 005 | 20181213155026.0 | ||
| 008 | 160818b tu 000 0 | ||
| 035 | _a13741 | ||
| 040 |
_aMilas _btur _cTR-AnCHP |
||
| 082 |
_aATA 956.1024 _bK61t 1983 |
||
| 090 | _aATA 956.1024 K61a 1983 | ||
| 100 | _aKocatürk, Utkan | ||
| 245 |
_aAtatürk ve Türkiye Cumhuriyeti tarihi kronolojisi 1918-1938 _cUtkan Kocatürk |
||
| 260 |
_aAnkara _bTürk Tarih Kurumu _c1983 |
||
| 300 |
_axxvii, _c23 sm. |
||
| 490 |
_aDizi-Sayı _v49 |
||
| 490 |
_aTürk Tarih Kurumu Yayınları _vXVI |
||
| 504 | _aKaynakça ve dizin var. | ||
| 600 |
_aAtatürk, Mustafa Kemal _d1881-1938 _xYaşamöyküsü _xKronoloji |
||
| 650 |
_aTürkiye Cumhuriyeti _xKronoloji |
||
| 650 |
_aKurtuluş Savaşı _xKronoloji |
||
| 942 |
_2ddc _cBKS |
||
| 999 |
_c5053 _d5053 |
||